Law of Succession / (Record no. 1258)
| 000 -LEADER | |
|---|---|
| fixed length control field | 00456nam a22001937a 4500 |
| 003 - CONTROL NUMBER IDENTIFIER | |
| control field | OSt |
| 005 - DATE AND TIME OF LATEST TRANSACTION | |
| control field | 20140426105908.0 |
| 008 - FIXED-LENGTH DATA ELEMENTS--GENERAL INFORMATION | |
| fixed length control field | 140114b xxu||||| |||| 00| 0 eng d |
| 020 ## - INTERNATIONAL STANDARD BOOK NUMBER | |
| International Standard Book Number | 9966712135 |
| 040 ## - CATALOGING SOURCE | |
| Original cataloging agency | LoC |
| Language of cataloging | English |
| 050 ## - LIBRARY OF CONGRESS CALL NUMBER | |
| Classification number | KSK769.M89 2006 |
| 100 ## - MAIN ENTRY--PERSONAL NAME | |
| Personal name | Musyoka, W. |
| 245 ## - TITLE STATEMENT | |
| Title | Law of Succession / |
| Statement of responsibility, etc | Musyoka, W. |
| 260 ## - PUBLICATION, DISTRIBUTION, ETC. (IMPRINT) | |
| Place of publication, distribution, etc | Nairobi |
| Name of publisher, distributor, etc | Law Africa |
| Date of publication, distribution, etc | 2006 |
| 300 ## - PHYSICAL DESCRIPTION | |
| Extent | xx.;351pgs |
| 650 ## - SUBJECT ADDED ENTRY--TOPICAL TERM | |
| Topical term or geographic name as entry element | succession |
| 650 ## - SUBJECT ADDED ENTRY--TOPICAL TERM | |
| Topical term or geographic name as entry element | law |
| 942 ## - ADDED ENTRY ELEMENTS (KOHA) | |
| Source of classification or shelving scheme | |
| Koha item type | Book |
| Withdrawn status | Lost status | Source of classification or shelving scheme | Damaged status | Not for loan | Home library | Current library | Date acquired | Total Checkouts | Total Renewals | Full call number | Barcode | Date last seen | Date checked out | Copy number | Price effective from | Koha item type | Shelving location | Checked out |
|---|---|---|---|---|---|---|---|---|---|---|---|---|---|---|---|---|---|---|
| Riara University Library | Riara University Library | 14/01/2014 | 42 | 6 | KSK769.M89 2006 | 4383/13 | 29/03/2022 | 28/02/2022 | C.1 | 14/01/2014 | Book | |||||||
| Riara University Library | Riara University Library | 14/01/2014 | 36 | 11 | KSK769.M89 2006 | 4380/13 | 31/10/2023 | 24/06/2019 | C.2 | 14/01/2014 | Book | |||||||
| Riara University Library | Riara University Library | 14/01/2014 | 43 | KSK769.M89 2006 | 4381/13 | 13/09/2019 | 12/09/2019 | C.3 | 14/01/2014 | Book | ||||||||
| Riara University Library | Riara University Library | 14/01/2014 | 33 | 6 | KSK769.M89 2006 | 4378/13 | 10/03/2020 | 08/04/2019 | C.4 | 14/01/2014 | Book | |||||||
| Riara University Library | Riara University Library | 14/01/2014 | 37 | 10 | KSK769.M89 2006 | 4376/13 | 06/03/2026 | 16/02/2026 | C.5 | 14/01/2014 | Book | |||||||
| Riara University Library | Riara University Library | 14/01/2014 | 44 | 9 | KSK769.M89 2006 | 4384/13 | 19/12/2025 | 15/12/2025 | C.6 | 14/01/2014 | Book | |||||||
| Riara University Library | Riara University Library | 14/01/2014 | 47 | 6 | KSK769.M89 2006 | 4379/13 | 13/12/2023 | 23/11/2023 | C.7 | 14/01/2014 | Book | |||||||
| Riara University Library | Riara University Library | 14/01/2014 | 24 | KSK769.M89 2006 | 4382/13 | 24/04/2019 | 24/04/2019 | C.8 | 14/01/2014 | Book on Shortloan | Short Loan | 18/05/2019 | ||||||
| Riara University Library | Riara University Library | 14/01/2014 | 63 | 3 | KSK769.M89 2006 | 4375/13 | 15/12/2025 | 25/11/2025 | C.9 | 14/01/2014 | Book on Shortloan | Short Loan | ||||||
| Riara University Library | Riara University Library | 18/01/2014 | 32 | 17 | KSK769.M89 2006 | 4377/13 | 06/05/2021 | 29/01/2020 | C.10 | 18/01/2014 | Book |
